Social scientists in the civic space: Ethical perspectives on democratic involvement (Record no. 395328)

MARC details
000 -LEADER
fixed length control field 00606 a2200217 4500
005 - DATE & TIME
control field 20260319101214.0
008 - FIXED-LENGTH DATA ELEMENTS--GENERAL INFORMATION
fixed length control field 260318b |||||||| |||| 00| 0 eng d
020 ## - ISBN
International Standard Book Number 9781041028505
Price Rs. 1295.00
040 ## - CATALOGING SOURCE
Original cataloging agency VIVEKANANDA LIBRARY
082 ## - DDC NUMBER
Classification number 300.72
Book Number V819S
100 ## - MAIN ENTRY--PERSONAL NAME
Personal name Virmani, Arundhati, ed.
245 ## - TITLE STATEMENT
Title Social scientists in the civic space: Ethical perspectives on democratic involvement
260 ## - PUBLICATION, DISTRIBUTION, ETC. (IMPRINT)
Name of publisher, distributor, etc Routledge
Date of publication, distribution, etc 2025
Place of publication, distribution, etc Abingdon
300 ## - PHYSICAL DESCRIPTION
Pages xiv, 236
650 ## - Subject
Subject Social Science
650 ## - Subject
Subject Research
650 ## - Subject
Subject Social Scientists
700 ## - Added Entry Personal Name
Added Entry Personal Name Boutier, Jeans
700 ## - Added Entry Personal Name
Added Entry Personal Name Manohar
942 ## - ADDED ENTRY ELEMENTS (KOHA)
Koha item type Books
Holdings
Withdrawn status Lost status Source of classification or shelving scheme Damaged status Not for loan Location (home branch) Sublocation or collection (holding branch) Shelving location Date acquired Koha issues (times borrowed) Koha full call number Accession No. Koha date last seen Koha item type
    Dewey Decimal Classification     VIVEKANANDA LIBRARY VIVEKANANDA LIBRARY Vivekananda Library 28/01/2026   300.72 V819S 444730 28/01/2026 Books
© Designed and Maintained by Vivekananda Library, MDU Rohtak